| 000 | 01250cab a2200457 4500 | ||
|---|---|---|---|
| 001 | X1202 | ||
| 008 | 090401t1992 xxu||||| |||| 00| 0 eng d | ||
| 035 | _a(Sirsi) u15444 | ||
| 041 | _aeng | ||
| 245 | _aTax cases on plant | ||
| 260 | _c1992 | ||
| 350 | _a0 | ||
| 490 |
_aThe Impugner (RICS Rating Diploma Holders` Section) _vSeptember 1992 (6) |
||
| 650 | _aCANOPY | ||
| 650 | _aCAPITAL ALLOWANCES ACT 1968 | ||
| 650 | _aCAPITAL ALLOWANCES ACT 1990 S44 | ||
| 650 | _aCAPITAL ALLOWANCES | ||
| 650 | _aCEILINGS | ||
| 650 | _aCOOKE (INSPECTOR OF TAXES) V BEACH STATION CARAVANS LTD | ||
| 650 | _aDEFINITION | ||
| 650 | _aDIXON V FINCHS GARAGE LTD | ||
| 650 | _aFORECOURT | ||
| 650 | _aHUNT (INSPECTOR OF TAXES) V HENRY QUICK LTD | ||
| 650 | _aIR COMMISSIONERS V BARCLAY CURLE AND CO LTD | ||
| 650 | _aLIGHTING | ||
| 650 | _aMACHINERY | ||
| 650 | _aMEZZANINE | ||
| 650 | _aPLANT | ||
| 650 | _aROGERS (VO) V EVANS | ||
| 650 | _aROGERS V EVANS | ||
| 650 | _aSTORAGE PLATFORMS | ||
| 650 | _aSTORAGE | ||
| 650 | _aSWIMMING POOLS | ||
| 650 | _aTAX CASES | ||
| 650 | _aTAXATION | ||
| 650 | _aWAREHOUSES | ||
| 650 | _aYARMOUTH V FRANCE | ||
| 690 | _aRATING AND VALUATION | ||
| 942 | _n0 | ||
| 948 | _c04/03/1997 | ||
| 999 |
_c10128 _d10128 |
||